000 006330000a22001810004500
090 _aAR
_b02654
245 1 0 _aRecuento historico de la disminución de humedales y la desaparición de aves acuaticas en el valle geográfico del rio Cauca, Colombia
650 1 4 _aHumedales
_992440
650 1 4 _aAves acuáticas
_993167
650 1 4 _aEcología
_992250
650 1 4 _aConservación
_992401
651 4 _lRío Cauca
_dValle del Cauca
_pColombia
_992749
041 0 _aEspañol
700 1 _aNaranjo Henao, Luis Germán
_93891
100 1 _aRestrepo, Carla
_996154
942 _cARTICULO
773 1 _tOrnitología Neotropical
_362
_q43-45
_d1987
999 _c11716
_d11716